LEADER 01876oas 2200721 a 450 001 9911007790903321 005 20260227213014.0 011 $a1558-9595 035 $a(DE-599)ZDB2177091-8 035 $a(DE-599)2177091-8 035 $a(OCoLC)60618160 035 $a(CONSER) 2005215849 035 $a(CKB)110978977275814 035 $a(EXLCZ)99110978977275814 100 $a20050614a19459999 sb a 101 0 $aeng 135 $aurun||||||||| 135 $aurbn||||||abp 135 $aurbn||||||ada 181 $ctxt$2rdacontent 182 $cc$2rdamedia 183 $acr$2rdacarrier 200 10$aArizona quarterly 210 $a[Tucson] $cUniversity of Arizona 300 $a"A journal of American literature, culture, and theory." 311 08$a0004-1610 606 $aLiterature$xHistory and criticism$vPeriodicals 606 $aLiterature$2fast$3(OCoLC)fst00999953 606 $aEngels$2gtt 606 $aTaalkunde$2gtt 606 $aAmerican literature$xHistory and criticism$vPeriodicals$2nli 608 $aCriticism, interpretation, etc.$2fast 608 $aPeriodicals.$2fast 615 0$aLiterature$xHistory and criticism 615 7$aLiterature. 615 17$aEngels. 615 17$aTaalkunde. 615 7$aAmerican literature$xHistory and criticism 676 $a051 712 02$aUniversity of Arizona. 801 0$bOCLCS 801 1$bOCLCS 801 2$bNSD 801 2$bDOS 801 2$bOCLCQ 801 2$bFJM 801 2$bOCLCQ 801 2$bOCL 801 2$bOCLCQ 801 2$bOCLCF 801 2$bOCLCQ 801 2$bOCLCE 801 2$bOCLCQ 801 2$bUAB 801 2$bOCLCL 801 2$bOCLCQ 801 2$bOCLCL 801 2$bOCLCQ 801 2$bSHH 906 $aJOURNAL 912 $a9911007790903321 996 $aArizona quarterly$92034910 997 $aUNINA